[Event "20th Heraklion IT Open 2017"]
[Site "Heraklion"]
[Date "2017.04.22"]
[Round "7"]
[White "Vitsaxakis, Nikolaos"]
[Black "Serpetsidakis, Nikolaos"]
[Result "1-0"]
[WhiteElo "1726"]
[BlackElo "1994"]
[Annotator "NA"]
[PlyCount "71"]
[EventDate "2017.??.??"]
[EventType "swiss"]
[EventCountry "GRE"]
[SourceTitle "playchess.com"]
[Source "ChessBase"]
[SourceQuality "1"]
[TimeControl "40/5400+30:1800+30"]

1. d4 {[%emt 0:00:00]} d5 {[%emt 0:00:05]} 2. Nf3 {[%emt 0:00:00]} Nf6 {[%emt 0:00:07]} 3. Bf4 {[%emt 0:00:52]} c5 {[%emt 0:00:23]} 4. c3 {[%emt 0:00:31]} Qb6 {[%emt 0:00:43]} 5. Qc2 {[%emt 0:00:38] LiveBook: 7 Games D02: 1 d4 d5 2 Nf3 sidelines, including 2...Nf6 3 g3 and 2...Nf6 3 Bf4} (5. Qb3 Nc6 6. dxc5 Qxc5 7. Nbd2 e6 8. e3 Be7 9. h3 O-O 10. Be2 b6 11. O-O Bb7 12. a4 Rac8 13. Rfd1 h6 {0-1 (60) Kamsky,G (2721)-Ponomariov,R (2731) Beijing 2013}) 5... g6 {[%emt 0:00:54]} 6. Nbd2 {[%emt 0:14:32]} Bf5 {[%emt 0:01:23]} 7. Qb3 {[%emt 0:00:21]} c4 {[%emt 0:10:02]} 8. Qxb6 {[%emt 0:00:23]} axb6 {[%emt 0:00:05]} 9. Ne5 $146 {[%emt 0:04:47]} (9. a3 Nc6 10. Rc1 h6 11. h3 g5 12. Bh2 Bg7 {1-0 (38) Gyimesi,Z (2225)-Racz,Z (2245) Gyor 1991}) 9... b5 {[%emt 0:15:01]} 10. a3 {[%emt 0:01:37]} Nh5 {[%emt 0:08:45]} 11. Be3 {[%emt 0:01:56]} f6 {[%emt 0:01:31]} 12. g4 {[%emt 0:01:40]} fxe5 {[%emt 0:00:12]} 13. gxh5 {[%emt 0:06:15]} Bg7 {[%emt 0:13:36]} 14. dxe5 {[%emt 0:01:10]} Bxe5 {[%emt 0:00:11]} 15. Bg2 {[%emt 0:00:10]} e6 {[%emt 0:01:34]} 16. f4 {[%emt 0:08:21]} Bf6 {[%emt 0:03:12]} 17. Bf2 {[%emt 0:01:45]} b4 {[%emt 0:00:38]} 18. Rc1 {[%emt 0:22:27]} bxc3 {[%emt 0:01:57]} 19. bxc3 {[%emt 0:00:23]} Rxa3 {[%emt 0:01:37]} 20. e4 {[%emt 0:02:17]} Bxc3 {[%emt 0:08:02]} 21. exf5 {[%emt 0:03:11]} gxf5 {[%emt 0:00:06]} 22. Bc5 {[%emt 0:02:39]} Bxd2+ {[%emt 0:02:19]} 23. Kxd2 {[%emt 0:00:01]} Rd3+ {[%emt 0:00:10]} 24. Ke2 {[%emt 0:00:21]} Rg8 {[%emt 0:00:19]} 25. Bf3 {[%emt 0:00:34]} Kd7 {[%emt 0:06:49]} 26. Rhd1 {[%emt 0:05:19]} Rxd1 {[%emt 0:01:41]} 27. Rxd1 {[%emt 0:00:01]} Kc6 {[%emt 0:00:35]} 28. Rg1 {[%emt 0:00:14]} Rxg1 {[%emt 0:05:17]} 29. Bxg1 {[%emt 0:00:02]} b5 {[%emt 0:00:38]} 30. h6 {[%emt 0:01:54]} Kd6 {[%emt 0:06:01] [#]} ({Of course not} 30... b4 $6 31. Bh5 b3 32. Kd2 $16) (30... Nd7 $11) 31. Bh5 $1 {[%emt 0:01:32]} e5 $2 {[%emt 0:01:25] [#]} (31... Nd7 $16) 32. Bg6 $1 {[%emt 0:01:18]} Ke7 {[%emt 0:08:17]} 33. Bxh7 {[%emt 0:00:08]} Kf6 {[%emt 0:01:14] [#]} 34. Bxf5 $18 {[%emt 0:03:30]} Nc6 {[%emt 0:00:12]} 35. h7 {[%emt 0:00:04]} Kg7 {[%emt 0:00:05]} 36. fxe5 {[%emt 0:00:06]} 1-0

[Event "20th Heraklion IT Open 2017"]
[Site "Heraklion"]
[Date "2017.04.22"]
[Round "7"]
[White "Koutsourakis, Ioannis"]
[Black "Vitsaxaki, Iris"]
[Result "1-0"]
[WhiteElo "1543"]
[BlackElo "1345"]
[Annotator "NA"]
[PlyCount "53"]
[EventDate "2017.??.??"]
[EventType "swiss"]
[EventCountry "GRE"]
[SourceTitle "playchess.com"]
[Source "ChessBase"]
[SourceQuality "1"]
[TimeControl "40/5400+30:1800+30"]

1. d4 {[%emt 0:00:00]} Nf6 {[%emt 0:00:09]} 2. c4 {[%emt 0:00:00]} e6 {[%emt 0:00:08]} 3. Nc3 {[%emt 0:00:00]} Bb4 4. e3 {[%emt 0:00:00]} O-O {[%emt 0:00:22]} 5. Nge2 {[%emt 0:00:00]} c6 {[%emt 0:00:08]} 6. a3 {[%emt 0:01:22]} Ba5 {[%emt 0:00:08]} 7. b4 {[%emt 0:06:27]} Bc7 {[%emt 0:00:07]} 8. Bb2 {[%emt 0:00:12]} d5 {[%emt 0:00:23]} 9. Ng3 {[%emt 0:05:41]} Nbd7 {[%emt 0:00:39]} 10. c5 {[%emt 0:07:17]} b6 {[%emt 0:06:17]} 11. Bd3 {[%emt 0:02:16]} e5 {[%emt 0:06:01]} 12. O-O {[%emt 0:04:45]} Rb8 {[%emt 0:10:30]} 13. Qc2 {[%emt 0:04:04]} bxc5 {[%emt 0:20:29]} 14. bxc5 {[%emt 0:00:38]} Ba5 {[%emt 0:08:59]} 15. Rab1 {[%emt 0:04:57]} Qc7 {[%emt 0:05:08]} 16. Qa4 {[%emt 0:11:04]} Rxb2 {[%emt 0:01:16]} 17. Rxb2 {[%emt 0:00:29]} Bxc3 {[%emt 0:00:13]} 18. Rb3 {[%emt 0:05:52]} exd4 {[%emt 0:01:18]} 19. exd4 {[%emt 0:00:28]} Qa5 {[%emt 0:01:28]} 20. Qxa5 {[%emt 0:03:35]} Bxa5 {[%emt 0:00:14]} 21. Nf5 {[%emt 0:01:59]} Ne8 {[%emt 0:01:07]} 22. Ne7+ {[%emt 0:00:48]} Kh8 {[%emt 0:00:12]} 23. Nxc8 {[%emt 0:00:36]} Nef6 {[%emt 0:01:14]} 24. Nxa7 {[%emt 0:04:51]} Ra8 {[%emt 0:01:54]} 25. Nxc6 {[%emt 0:00:19]} Bc7 {[%emt 0:00:21]} 26. Bf5 {[%emt 0:02:12]} Nf8 {[%emt 0:00:48]} 27. Rb7 {[%emt 0:02:25]} 1-0

[Event "20th Heraklion IT Open 2017"]
[Site "Heraklion"]
[Date "2017.04.23"]
[Round "8"]
[White "Damia, Angelo"]
[Black "Wallace, John Paul"]
[Result "1-0"]
[WhiteElo "2417"]
[BlackElo "2404"]
[Annotator "TA"]
[PlyCount "97"]
[EventDate "2017.??.??"]
[EventType "swiss"]
[EventCountry "GRE"]
[SourceTitle "playchess.com"]
[Source "ChessBase"]
[SourceQuality "1"]

{[%evp 14,97,27,19,43,-10,7,17,21,10,37,33,32,29,23,23,35,29,20,0,6,0,11,13,11,6,6,6,10,8,13,13,6,10,14,3,14,16,4,0,0,0,25,15,7,0,0,0,0,0,0,0,0,0,0,0,0,0,0,0,0,0,0,0,322,314,317,304,300,270,285,439,442,441,435,430,430,429,400,403,400,390,387,375,29982,29983]} 1. e4 e5 2. Nf3 Nc6 3. Bc4 Nf6 4. Ng5 d5 5. exd5 Na5 6. Bb5+ Bd7 7. Qe2 Be7 8. Nc3 O-O {C58: Two Knights: 4 Ng5 d5 5 exd5 Na5 sidelines} (8... Bxb5 9. Qxb5+ c6 10. dxc6 Nxc6 11. Nf3 O-O 12. d3 Nd4 13. Nxd4 exd4 14. Ne2 Rc8 15. Qb3 Qa5+ 16. Bd2 {½-½ (24) Short,N (2683)-Postny,E (2606) Kishinev 2017}) 9. Nge4 ({Better is} 9. Bxd7 $14 Qxd7 10. O-O (10. Qxe5 Bd6 11. Qd4 Rfe8+ 12. Kf1 Be5 $15)) 9... c6 10. Nxf6+ Bxf6 {The position is equal.} 11. Bd3 cxd5 12. Nxd5 Nc6 13. Nxf6+ $146 (13. c3 {looks sharper.} Bg5 14. O-O Be6 15. Ne3 f5 16. b3) ({Predecessor:} 13. O-O Nd4 14. Qd1 Bc6 15. Nc3 Re8 16. Re1 {1-0 (42) Ahlander,B (2411)-Eriksson,K (2146) Malmo 2014}) 13... Qxf6 14. c3 Bf5 15. Bxf5 Qxf5 16. d3 Rad8 17. Qe4 Qd7 (17... Qe6 {is more complex.} 18. O-O Qd5 19. Qa4 Qxd3 20. Be3 h6) 18. Be3 Qxd3 19. Qxd3 Rxd3 20. Ke2 Rfd8 21. Rad1 Rxd1 22. Rxd1 Rxd1 23. Kxd1 $11 {[%mdl 4096] Endgame KB-KN} f5 24. b4 a6 25. Kc2 Kf7 26. Kb3 Ke6 27. Kc4 Kd6 28. Bc5+ Ke6 29. Bf8 Kf7 30. Bd6 Ke6 31. Kc5 e4 $1 32. Bf8 Kf7 33. Bd6 Ke6 34. Bf4 Ne5 35. Kb6 $1 Nd3 36. Be3 {Threatens to win with g3.} f4 37. Bd4 Kd5 $1 {aiming for ...Nxb4!} 38. a3 $1 (38. Kxb7 Nxb4 $1 {[%mdl 512]} 39. a4 (39. cxb4 $2 Kxd4 40. Kxa6 e3 41. fxe3+ fxe3 $19) (39. Bxg7 $2 Nxa2 40. Bh6 Nxc3 41. Bxf4 Nd1 42. Kxa6 Nxf2 $19) 39... Nc2 $17) 38... g5 $2 {[%mdl 8192]} (38... Ne1 $1 $11) 39. Kxb7 $18 Nxf2 40. Bxf2 {KB-KP} e3 41. Bg1 $1 (41. Be1 g4 42. g3 f3 $19) 41... Ke4 {[#]} 42. c4 $1 ({But not} 42. Kxa6 $2 g4 43. b5 f3 $19) 42... g4 {[#] ...f3 is the strong threat.} 43. c5 $1 f3 44. gxf3+ ({Less strong is} 44. Bxe3 Kxe3 45. gxf3 gxf3 $18) 44... gxf3 {White must now prevent ...f2.} 45. c6 f2 {[#]} 46. Bxf2 $1 exf2 47. c7 f1=Q {And now ...Qb5+ would win.} 48. c8=Q Qd3 $2 (48... Qb5+ $18 49. Ka7 Qf1 50. Qxa6 Qf2+ 51. Qb6 Qa2 52. Qc6+ Kf5 53. Qf3+ Ke5) 49. Qg4+ {Precision: White = 88%, Black = 64%.} 1-0

[Event "20th Heraklion IT Open 2017"]
[Site "Heraklion"]
[Date "2017.04.23"]
[Round "8"]
[White "Sredojevic, Ivan"]
[Black "Friedel, Marcus"]
[Result "1-0"]
[WhiteElo "2351"]
[BlackElo "2182"]
[Annotator "TA"]
[PlyCount "129"]
[EventDate "2017.??.??"]
[EventType "swiss"]
[EventCountry "GRE"]
[SourceTitle "playchess.com"]
[Source "ChessBase"]
[SourceQuality "1"]

{[%evp 22,129,0,0,2,-12,-11,-95,-20,-37,-20,-31,-36,-39,-34,-40,-30,-45,0,-30,-39,-70,-35,-54,-28,-45,-28,-39,-22,-39,-43,-31,-53,-83,-74,-55,0,-5,142,140,142,133,123,-99,-66,-89,295,240,389,400,400,400,400,396,375,316,373,366,343,274,384,375,418,333,255,381,404,406,395,406,397,283,497,396,315,349,276,225,228,160,356,341,885,822,824,694,636,582,1434,1423,2065,2003,1672,1570,1489,1266,1160,879,29971,29971,29978,3572,29959,29964,29977,29979,29978,29979,29960,29959]} 1. e4 g6 2. d4 Bg7 3. Nf3 d6 4. h3 Nf6 5. Nc3 c6 6. Bd3 O-O 7. Be3 Nbd7 8. O-O e5 9. dxe5 dxe5 10. a4 Qe7 11. Nd2 Nc5 12. Bc4 {LiveBook: 14 Games} Ne6 {B08: Pirc Defence: Classical System} (12... Rd8 13. Qf3 Ne6 14. Ne2 Nh5 15. c3 h6 16. Rfd1 Ng5 17. Bxg5 hxg5 18. b3 g4 19. hxg4 Nf6 20. g5 {0-1 (42) Zivkovic,V (2429)-Bologan,V (2682) Kallithea 2008}) 13. Ne2 Rd8 14. Ng3 {[#]} (14. Qc1 $11) 14... h5 (14... Nd5 $1 $17 {[%mdl 512]} 15. Ra3 (15. exd5 cxd5 16. Bb3 d4 $17) 15... Nxe3 16. fxe3 a6) 15. Bxe6 $146 (15. Qb1 Nf4 16. Qa2 Nh7 17. Rfd1 Rf8 18. Qa3 Qf6 19. Bf1 Ng5 20. f3 {0-1 (66) Szabo,A (2113)-Biro,D (2163) Hungary 2003}) 15... Bxe6 (15... fxe6 $6 16. Bg5 $14) 16. Bg5 Qb4 {And now ...h4 would win.} 17. Qc1 Rd7 18. c3 Qd6 19. Nf3 Bb3 20. c4 Nh7 $1 {[%cal Rh7g5]} 21. c5 Qc7 22. Bh6 {Bxg7 is the strong threat.} Be6 23. b4 a5 24. Bxg7 Kxg7 25. b5 f6 26. b6 Qd8 27. Nh4 Rd3 28. Kh2 Qd4 {Threatening ...Ng5.} 29. f4 $1 {[%cal Rf4f5]} (29. Nf3 Qb4 30. Rd1 Rxd1 31. Qxd1 Qxc5 $17) 29... Qc3 (29... exf4 $1 $11 30. Ne2 (30. Qxf4 Qxc5 31. e5 Qxe5 32. Qxe5 fxe5 $17) 30... Qe5 31. Nxf4 Bf7) 30. Qxc3 $16 Rxc3 31. f5 $1 $36 {[%cal Rf5e6][%mdl 2048] Keeping Black busy.} gxf5 32. Nxh5+ $2 ({Don't do} 32. Ngxf5+ Kf8 $14) (32. Nhxf5+ $16 {and life is bright.} Kg6 33. Nd6) 32... Kh6 $1 $17 {[%cal Rh6h5]} 33. Nxf5+ Bxf5 $4 {[%mdl 8192]} (33... Kxh5 $17 {keeps the pressure on.} 34. Ng7+ Kg6 35. Nxe6 Kf7) 34. Rxf5 $18 Rf8 (34... Kg6 {was worth a try.} 35. Rd1 (35. Raf1 Rf8 $16) 35... Rf8) 35. Rd1 Rf7 36. Rd6 Rxc5 37. Nxf6 Rxf6 38. Rfxf6+ Nxf6 39. Rxf6+ {[%mdl 4096] Endgame KR-KR} Kg7 40. Rf5 Kg6 (40... Rc4 {keeps fighting.} 41. Rxe5 Rxa4) 41. h4 Rc4 42. Rxe5 Rxa4 43. Re7 (43. h5+ $142 Kf6 44. Rf5+ Kg7 45. e5) 43... Rb4 44. Rxb7 Rxe4 45. Kh3 $1 Rb4 {[#]} 46. Rb8 $1 Kg7 $2 (46... Rb3+ 47. Kg4 Rb4+ 48. Kf3 a4 49. h5+ Kf6) 47. Ra8 Rxb6 48. Rxa5 Rb5 49. Ra7+ (49. Rxb5 cxb5 50. Kg3 b4 $19) 49... Kg6 50. Rd7 Rc5 $2 (50... c5 $16 51. Rd5 Kf7) 51. Rd6+ Kg7 $2 (51... Kf5 52. Rd3 Ke4) 52. g3 {[%cal Bg2g3,Bg3g4][%mdl 32]} Kh7 53. Re6 Kg7 54. Kg4 Rc4+ 55. Kf5 Rc5+ 56. Re5 Rc1 57. g4 c5 58. Re7+ Kf8 59. Rc7 c4 60. h5 {[%cal Bh4h5,Bh5h6,Bh6h7][%mdl 32]} c3 61. Kf6 (61. h6 $142 Rh1 62. h7 c2 63. Kg6 Rh2 {[#]} 64. Rxc2 $1 {[%mdl 512]} Rxc2 65. h8=Q+ Ke7 66. Qe5+ Kd8 67. Qa5+ Rc7 68. g5) 61... Ke8 62. h6 {White mates.} c2 63. h7 {[%cal Rh7h8]} Rh1 64. Kg7 c1=Q 65. Rxc1 1-0

[Event "20th Heraklion IT Open 2017"]
[Site "Heraklion"]
[Date "2017.04.23"]
[Round "8"]
[White "Martorelli, Antonio"]
[Black "Stratigi, Evangelia"]
[Result "1-0"]
[WhiteElo "2220"]
[BlackElo "1662"]
[Annotator "NA RC"]
[PlyCount "95"]
[EventDate "2017.??.??"]
[EventType "swiss"]
[EventCountry "GRE"]
[SourceTitle "playchess.com"]
[Source "ChessBase"]
[SourceQuality "1"]
[TimeControl "40/5400+30:1800+30"]

{[%evp 8,85,28,25,38,32,32,28,88,85,76,81,132,95,32767,32767,32767,32767,181,184,32767,181,200,195,192,172,206,217,213,208,220,212,32767,205,220,218,228,230,207,32767,32767,215,282,266,343,32767,174,162,177,178,32767,237,225,32767,355,344,442,392,377,399,380,360,383,448,401,32767,32767,32767,422,32767,429,477,32767,32767,561,486,510,487,666,810]} 1. e4 {[%emt 0:08:06]} e5 {[%emt 0:00:17]} 2. Nc3 {[%emt 0:00:06]} Nf6 {[%emt 0:00:50]} 3. f4 {[%emt 0:00:07]} d6 {[%emt 0:02:43]} 4. Nf3 {[%emt 0:00:41]} Nc6 {[%emt 0:02:24]} 5. d4 {[%emt 0:02:07]} exd4 {[%emt 0:07:29] C30: King's Gambit Declined} (5... Bg4 6. d5 Nd4 7. Be2 Nxe2 8. Qxe2 c6 9. fxe5 dxe5 10. Bg5 h6 11. Bh4 Bb4 12. Qc4 Bxc3+ 13. Qxc3 {1-0 (49) Zapolskis,A (2377)-Markowski,T (2561) Warsaw 2006}) 6. Nxd4 {[%emt 0:00:09] LiveBook: 3 Games} Bd7 {[%emt 0:06:16]} 7. Be3 {[%emt 0:05:59]} Ng4 $146 {[%emt 0:02:23]} (7... Nxe4 $11 8. Nxe4 Qe7) (7... Qe7 8. Bd3 Ng4 9. Nd5 Nxe3 10. Nxc6 Bxc6 11. Nxe3 Bxe4 12. Bxe4 Qxe4 13. Qe2 {1-0 (29) Kratz,J-Boersma,R Hengelo 2003}) 8. Bg1 {[%emt 0:00:42]} Be7 {[%emt 0:09:03]} 9. Be2 {[%emt 0:00:20]} h5 {[%emt 0:03:52]} 10. Qd2 {[%emt 0:03:18]} Bf6 {[%emt 0:08:29]} 11. O-O-O {[%emt 0:02:53]} Nxd4 {[%emt 0:18:08]} 12. Bxd4 {[%emt 0:00:10]} Bc6 {[%emt 0:01:30]} 13. h3 {[%emt 0:03:58]} Bxd4 {[%emt 0:02:05]} 14. Qxd4 {[%emt 0:01:20]} Nf6 {[%emt 0:00:48] [#]} 15. g4 $1 {[%emt 0:00:25]} ({Much less strong is} 15. e5 $6 dxe5 16. Qxe5+ Qe7 $16) 15... Qe7 {[%emt 0:04:36]} 16. Bf3 {[%emt 0:05:30]} a6 {[%emt 0:02:50]} 17. g5 {[%emt 0:08:44]} Nd7 {[%emt 0:00:34]} 18. Qxg7 {[%emt 0:00:14]} O-O-O {[%emt 0:01:13]} 19. Qd4 {[%emt 0:00:13]} Kb8 {[%emt 0:00:44]} 20. Rhe1 {[%emt 0:02:26]} Rde8 {[%emt 0:05:04]} 21. h4 {[%emt 0:02:17]} Qe6 {[%emt 0:03:40]} 22. Nd5 {[%emt 0:03:17]} Qh3 {[%emt 0:03:31]} 23. Qf2 {[%emt 0:00:58]} Qe6 {[%emt 0:01:26]} 24. Kb1 {[%emt 0:17:40]} Qg6 {[%emt 0:02:45]} 25. Qd4 {[%emt 0:07:41]} Qe6 {[%emt 0:01:30]} 26. Re3 {[%emt 0:04:02]} Bxd5 {[%emt 0:02:57]} 27. Qxd5 {[%emt 0:00:13]} Qxd5 {[%emt 0:03:12]} 28. Rxd5 {[%emt 0:00:01]} Nb6 {[%emt 0:01:14]} 29. Rf5 {[%emt 0:01:06]} Re7 {[%emt 0:00:21]} 30. Rd3 {[%emt 0:05:49]} Rd7 {[%emt 0:01:24]} (30... Ka7 $142 31. a3 Nd7) 31. b3 {[%emt 0:01:19]} c6 {[%emt 0:00:18]} 32. a4 {[%emt 0:01:55]} Rh7 {[%emt 0:00:41]} 33. a5 {[%emt 0:01:22]} Nc8 {[%emt 0:00:05]} 34. e5 {[%emt 0:01:03]} d5 {[%emt 0:01:06]} 35. Rf6 {[%emt 0:00:18]} Kc7 {[%emt 0:00:53]} 36. Bg2 {[%emt 0:01:46]} Ne7 {[%emt 0:00:30]} 37. Rg3 {[%emt 0:02:55]} Ng8 {[%emt 0:00:29]} 38. Bh3 {[%emt 0:01:24]} Nxf6 {[%emt 0:00:37]} 39. gxf6 {[%emt 0:00:06]} Rd8 {[%emt 0:00:11]} 40. Bf5 {[%emt 0:00:00]} Rhh8 {[%emt 0:01:06]} 41. Rg7 {[%emt 0:02:00]} Rdf8 {[%emt 0:04:47]} 42. Be6 {[%emt 0:04:12]} Kb8 {[%emt 0:02:09]} 43. Bxf7 $18 {[%emt 0:00:24]} Rh6 {[%emt 0:04:23]} 44. Rg8 {[%emt 0:00:57]} Rh8 {[%emt 0:00:09]} 45. Rxh8 {[%emt 0:00:21]} Rxh8 {[%emt 0:00:09]} 46. e6 {[%emt 0:00:06]} Kc7 {[%emt 0:00:28]} 47. Bxh5 {[%emt 0:02:59]} Rxh5 {[%emt 0:01:11]} 48. f7 {[%emt 0:00:02]} 1-0

[Event "20th Heraklion IT Open 2017"]
[Site "Heraklion"]
[Date "2017.04.23"]
[Round "8"]
[White "Mamoulakis, Eleftherios"]
[Black "Dhruv Easwar"]
[Result "1-0"]
[WhiteElo "2117"]
[BlackElo "1753"]
[Annotator "ChessBase"]
[PlyCount "89"]
[EventDate "2017.??.??"]
[EventType "swiss"]
[EventCountry "GRE"]
[SourceTitle "playchess.com"]
[Source "ChessBase"]
[SourceQuality "1"]
[TimeControl "40/5400+30:1800+30"]

1. Nf3 {[%emt 0:00:00]} d5 {[%emt 0:00:20]} 2. g3 {[%emt 0:00:00]} Nf6 {[%emt 0:00:17]} 3. Bg2 {[%emt 0:00:00]} e6 {[%emt 0:00:35]} 4. O-O {[%emt 0:00:12]} Be7 {[%emt 0:00:15]} 5. d3 {[%emt 0:00:14]} O-O {[%emt 0:01:08]} 6. Nbd2 {[%emt 0:00:05]} b6 {[%emt 0:00:44]} 7. c3 {[%emt 0:01:27]} Bb7 {[%emt 0:00:36]} 8. Qc2 {[%emt 0:00:13]} c5 {[%emt 0:01:53]} 9. Re1 {[%emt 0:01:05]} Nbd7 {[%emt 0:01:41]} 10. e4 {[%emt 0:01:50]} Qc7 {[%emt 0:00:44]} 11. exd5 {[%emt 0:07:01]} Nxd5 {[%emt 0:01:15]} 12. Nc4 {[%emt 0:02:00]} Rfd8 {[%emt 0:02:24]} 13. a4 {[%emt 0:01:34]} Bf6 {[%emt 0:07:49]} 14. Bg5 {[%emt 0:07:43]} Bxg5 {[%emt 0:04:13]} 15. Nxg5 {[%emt 0:00:09]} h6 {[%emt 0:01:04]} 16. Ne4 {[%emt 0:01:03]} N7f6 {[%emt 0:01:31]} 17. a5 {[%emt 0:01:58]} Nxe4 {[%emt 0:05:29]} 18. dxe4 {[%emt 0:00:49]} Nf6 {[%emt 0:01:21]} 19. axb6 {[%emt 0:03:21]} axb6 {[%emt 0:00:23]} 20. e5 {[%emt 0:08:29]} Ne8 {[%emt 0:02:40]} 21. Rxa8 Bxa8 {[%emt 0:01:42]} 22. Bxa8 {[%emt 0:06:26]} Rxa8 {[%emt 0:00:46]} 23. Qb3 {[%emt 0:00:28]} Rb8 {[%emt 0:01:08]} 24. Qb5 {[%emt 0:00:40]} Qb7 {[%emt 0:02:19]} 25. Ra1 {[%emt 0:08:02]} Nc7 {[%emt 0:00:54]} 26. Qd7 {[%emt 0:00:20]} Nd5 {[%emt 0:01:50]} 27. Qxb7 {[%emt 0:03:59]} Rxb7 {[%emt 0:00:19]} 28. Ra8+ {[%emt 0:00:21]} Kh7 {[%emt 0:00:17]} 29. Nd6 {[%emt 0:00:09]} Rd7 {[%emt 0:00:33]} 30. Rb8 {[%emt 0:00:41]} Rc7 {[%emt 0:02:59]} 31. c4 {[%emt 0:03:07]} Nb4 {[%emt 0:00:46]} 32. Rxb6 {[%emt 0:00:21]} Nd3 {[%emt 0:00:08]} 33. f4 {[%emt 0:01:32]} Kg6 {[%emt 0:00:53]} 34. Kf1 {[%emt 0:06:43]} Ra7 {[%emt 0:00:20]} 35. Ke2 {[%emt 0:02:16]} Nb4 {[%emt 0:00:15]} 36. Rxb4 {[%emt 0:12:34]} cxb4 {[%emt 0:00:17]} 37. Kd3 {[%emt 0:00:15]} Kh5 {[%emt 0:00:34]} 38. h3 {[%emt 0:00:33]} Ra2 {[%emt 0:01:01]} 39. Kc2 {[%emt 0:00:29]} f6 {[%emt 0:00:58]} 40. Kb3 {[%emt 0:00:00]} Ra1 {[%emt 0:00:41]} 41. c5 {[%emt 0:02:46]} Rg1 {[%emt 0:00:22]} 42. c6 {[%emt 0:01:05]} Rxg3+ {[%emt 0:00:10]} 43. Kxb4 {[%emt 0:00:10]} Rg1 {[%emt 0:00:19]} 44. c7 {[%emt 0:00:21]} Rc1 {[%emt 0:00:08]} 45. Nc4 {[%emt 0:00:08]} 1-0

[Event "20th Heraklion IT Open 2017"]
[Site "Heraklion"]
[Date "2017.04.23"]
[Round "8"]
[White "Serpetsidakis, Nikolaos"]
[Black "Kouvidis, Ioannis"]
[Result "1-0"]
[WhiteElo "1994"]
[BlackElo "1387"]
[Annotator "NA RC"]
[PlyCount "87"]
[EventDate "2017.??.??"]
[EventType "swiss"]
[EventCountry "GRE"]
[SourceTitle "playchess.com"]
[Source "ChessBase"]
[SourceQuality "1"]
[TimeControl "40/5400+30:1800+30"]

{[%evp 8,84,-1,0,32767,32767,9,14,32767,0,32767,32767,10,-1,-7,-24,32767,-16,0,-16,32767,32767,32767,32767,32767,32767,32767,32767,-7,32767,32767,32767,32767,32767,-4,-91,32767,-28,-16,-57,32767,-155,32767,32767,-177,-160,-141,32767,-139,32767,-116,32767,0,-79,32767,-97,-72,32767,100,-6,32767,-41,141,93,978,894,32767,477,32767,32767,32767,32767,198,198,206,187,32767,160,29997]} 1. d4 {[%emt 0:03:39]} Nf6 {[%emt 0:00:17]} 2. Nf3 {[%emt 0:00:45]} e6 {[%emt 0:00:16]} 3. e3 {[%emt 0:00:48]} d5 {[%emt 0:02:50]} 4. Bd3 {[%emt 0:00:37]} b6 {[%emt 0:00:13]} 5. O-O {[%emt 0:00:04]} Bb7 {[%emt 0:01:17]} 6. b3 {[%emt 0:00:06]} Be7 {[%emt 0:00:50]} 7. Bb2 {[%emt 0:00:04]} O-O {[%emt 0:00:36]} 8. Ne5 {[%emt 0:00:04]} c5 {[%emt 0:03:02]} 9. Nd2 {[%emt 0:00:33]} Nc6 {[%emt 0:00:59]} 10. a3 {[%emt 0:03:50]} cxd4 {[%emt 0:03:16]} 11. exd4 {[%emt 0:00:33]} Nxe5 {[%emt 0:00:13]} 12. dxe5 {[%emt 0:00:08] LiveBook: 5 Games} Nd7 {[%emt 0:00:10]} 13. Qg4 {[%emt 0:12:08]} Nc5 {[%emt 0:09:56]} 14. b4 {[%emt 0:09:24]} Nxd3 {[%emt 0:07:51]} 15. cxd3 {[%emt 0:00:06]} a5 {[%emt 0:02:41]} 16. b5 {[%emt 0:07:14]} Rc8 {[%emt 0:01:33]} 17. Qa4 {[%emt 0:02:23]} Qd7 {[%emt 0:02:18]} 18. Rab1 {[%emt 0:05:49]} Rc7 {[%emt 0:04:28]} 19. Qb3 {[%emt 0:03:11]} Rfc8 {[%emt 0:00:55]} 20. Nf3 {[%emt 0:02:14] [#]} h6 {[%emt 0:03:54]} (20... d4 $1 $17 {[%mdl 512] And now ...Rc3! would win.} 21. Nxd4 (21. Bxd4 Bxf3) 21... Bc5) 21. h3 {[%emt 0:02:57]} (21. Nd4 $11) 21... Bc5 {[%emt 0:10:49]} 22. d4 {[%emt 0:04:16]} Be7 {[%emt 0:01:00]} 23. Nd2 {[%emt 0:00:53]} Rc2 {[%emt 0:03:07]} 24. Qd3 {[%emt 0:01:19]} ({White should play} 24. Rfd1 $15) 24... Bxa3 {[%emt 0:01:30]} 25. Qxa3 {[%emt 0:01:53]} Rxd2 {[%emt 0:00:18]} 26. Qg3 {[%emt 0:06:24]} Rdc2 {[%emt 0:00:59]} 27. Bc1 {[%emt 0:00:05]} Kh8 {[%emt 0:01:04]} 28. Be3 $11 {[%emt 0:00:49]} R8c4 {[%emt 0:08:12]} 29. Qh4 {[%emt 0:00:20]} Rc8 $2 {[%emt 0:02:36]} (29... Kh7 $17 {Hoping for ...a4.} 30. Qg4 Qc7) 30. g4 {[%emt 0:03:02]} Qd8 {[%emt 0:00:11]} 31. Qh5 {[%emt 0:00:27]} Kg8 {[%emt 0:00:43]} 32. g5 {[%emt 0:04:32]} hxg5 $2 {[%emt 0:01:06]} (32... g6 $1 $15 {keeps the upper hand.} 33. Qxh6 R8c3) 33. Bxg5 {[%emt 0:00:08]} Qf8 {[%emt 0:00:11] [#]} 34. Qh4 $2 {[%emt 0:00:21]} ({White has to play} 34. Bf6 $1 $18 {[%mdl 512] Black must now prevent Kh1.} R8c3 (34... gxf6 35. Kh1) 35. Kh2) 34... Re2 $2 {[%emt 0:02:30] [#]} (34... Qa3 $1 $11 35. Bd8 a4 36. Bxb6 Qc3) 35. Be7 $2 {[%emt 0:10:19]} (35. Rb3 $1 $18 {Be7 is the strong threat.} Rc4 {[#]} 36. Bf6 $1 {[%mdl 512]}) 35... Qe8 {[%emt 0:02:13]} (35... Re4 $142) 36. Rb3 {[%emt 0:00:24]} Re4 {[%emt 0:00:58]} 37. Qg5 {[%emt 0:00:13]} g6 {[%emt 0:02:04]} 38. Bf6 {[%emt 0:00:25]} Qf8 {[%emt 0:01:25]} 39. f4 {[%emt 0:00:05]} Kh7 {[%emt 0:00:10]} 40. Rg3 {[%emt 0:00:00]} Qh6 {[%emt 0:08:23]} ({Worse is} 40... Rxd4 41. Rg4 Rxf4 42. Qxf4 g5 43. Qxg5 Qc5+ 44. Kh1 d4+ {[#]} 45. Rg2 $1 {[%mdl 512]} Bxg2+ 46. Kh2 (46. Qxg2 Qd5 47. Qxd5 exd5 $16) 46... Qf8 47. Qh5+ (47. Kxg2 Qh6 48. Qxh6+ Kxh6 $16) 47... Qh6 48. Qxf7+ Qg7 49. Qxg7#) 41. Rg4 {[%emt 0:31:23]} Qxg5 {[%emt 0:00:09]} 42. Bxg5 {[%emt 0:00:04]} Rg8 {[%emt 0:02:14]} ({Worse is} 42... Rxd4 43. Rh4+ Kg7 44. Bf6+ Kg8 45. Rh8#) (42... f5 $18 43. exf6 Kg8) 43. Rh4+ {[%emt 0:00:27]} Kg7 {[%emt 0:00:18]} 44. Bh6+ {[%emt 0:00:03]} 1-0